Responses for Show #7288 - Wednesday, April 27, 2016

Buzzy Cohen game 3.

Contestants

[<< previous game]

Joe Indiviglia, a real estate marketer from San Diego, California

Ellen Plitt, an emergency room nurse from St. Louis, Missouri

Buzzy Cohen, a music executive from Los Angeles, California (whose 2-day cash winnings total $50,002)

[next game >>]

Jeopardy! Round responses

THE POLITICS OF TV
DOUBLE DOUBLE LETTERS
MILITARY NICKNAMES
YOU AUTO KNOW
SLEUTHS & THEIR CREATORS
(Alex: We'll give you the sleuth.)
SWEET AISLE OF MINE
    $200 2
House of Cards

Buzzy
    $200 9
goddess

Ellen
    $200 15
(Douglas) MacArthur

Buzzy
    $200 1
new car smell

Joe
    $200 8
Sir Arthur Conan Doyle

Buzzy
    $200 24
honey

Joe
    $400 6
John Goodman

Buzzy
    $400 16
raccoon

Buzzy
    $400 20
Napoléon

Ellen
    $400 3
power steering

Buzzy
    $400 10
Robert Parker

Triple Stumper
    $400 25
marshmallows

Buzzy
    $600 14
Scandal

Ellen
    $600 17
(Joe: ...What is Miss--nah.)
...
(Alex: You were thinking Mississippi, which has three. [*] has just two.)

Massachusetts

Joe
Triple Stumper
    $600 21
Blitzkrieg

Ellen
    $600 4
a rumble seat

Ellen
    $600 11
(Raymond) Chandler

Joe
    $600 26
Log Cabin Syrup

Joe
    $800 29
Benson

Ellen
    $800 18
a barrette

Buzzy
    $800 22
Montgomery

Buzzy
    $800 5
(Buzzy: What is the Camry?)

the Corolla

BuzzyJoe
    $800 12
P.D. James

Triple Stumper
    $800 27
brown sugar

Buzzy
    $1000 30
Veep

Buzzy
    $1000 19
suppress

Triple Stumper
    $1,200 23
(Antonio López de) Santa Anna

Buzzy
    $1000 7
(Joe: What are seat belts?)

airbags

EllenJoe
    $1000 13
Tess Gerritsen

Triple Stumper
    $1000 28
hazelnuts

Ellen

Scores at the first commercial break (after clue 15):

Buzzy Ellen Joe
$600 $2,400 $600

Scores at the end of the Jeopardy! Round:

Buzzy Ellen Joe
$6,000 $5,200 $800

Double Jeopardy! Round responses

THUS SAYETH THE LORD
12-LETTER WORDS
ON THE MOVIE'S SOUNDTRACK
AMERICAN ARCHITECTS
VETERINARY MEDICINE
SWEET ISLE OF MINE
(Alex: We'll give you the island, and you tell us which country it belongs to.)
    $400 1
[Alex reads the blank as "this place".]

Egypt

Buzzy
    $400 11
an interrogator

Buzzy
    $400 6
The Godfather

Buzzy
    $400 19
Frank Lloyd Wright

Buzzy
    $400 12
stem cells

Buzzy
    $400 26
(Buzzy: What is Canada?)

the United States

BuzzyEllen
    $800 2
brother

Ellen
    $800 16
the neighborhood

Buzzy
    $800 7
(Alex: Johnny Cash. Right.)

Walk the Line

Ellen
    $800 20
Madison Square Garden

Buzzy
    $800 13
(Alex: Yep. My dog doesn't get 'em, but I do. Love 'em.)

Macadamia nuts

Ellen
    $800 27
(Joe: What is China?)
...
(Alex: The famous October Revolution took place in [*].)

Russia

Joe
Triple Stumper
    $1200 3
(Joe: What is... forbidden?)

naked

BuzzyJoe
    $1200 17
conscription

Triple Stumper
    $1200 8
Interstellar

Joe
    $1200 21
Capitol Records

Buzzy
    $1200 14
dialysis

Joe
    $1200 28
Australia

Joe
    $1600 4
tribe

Buzzy
    $2,000 18
(Buzzy: What is...)
(Alex: No?)
(Buzzy: No.)

chemotherapy

Buzzy
    $1600 9
Goldfinger

Ellen
    $1600 22
Saarinen

Joe
    $1600 15
parrot fever

Triple Stumper
    $1600 29
Denmark

Buzzy
    $2000 5
[Alex reads the blank as "this".]

covenant

Buzzy
    $2000 23
calisthenics

Buzzy
    $2000 10
Braveheart

Joe
    $3,000 24
(Buzzy: What is Sears?)
(Alex: No. What is [*]? [*]. Synonymous almost with Chicago.)

Marshall Field's

Buzzy
    $2000 25
Dr. Jan Pol

Triple Stumper
    $2000 30
(Joe: What is Greece?)
...
(Alex: What is [*]? I know, it looks like a Greek word.)

Indonesia

Joe
Triple Stumper

Scores at the end of the Double Jeopardy! Round:

Buzzy Ellen Joe
$13,800 $9,600 $4,000

[wagering suggestions for these scores]

Final Jeopardy! Round responses

AMERICAN HISTORY
(Alex: So obviously, we're talking about someone who did something really big in 1927.)
...
(Alex: [To Joe] The nonstop solo flight from America to France.)
...
(Alex: [To Buzzy] Picked the wrong correct response.)
JoeWho is Lindbergh?
$3,995
EllenWho is
$4,201
BuzzyWho is Scott?
$5,401
Lindbergh

Final scores:

Buzzy Ellen Joe
$8,399 $5,399 $7,995
3-day champion: $58,401 3rd place: $1,000 2nd place: $2,000

Game dynamics:

Coryat scores:

Buzzy Ellen Joe
$18,600 $9,600 $4,000
25 R
(including 1 DD),
4 W
(including 2 DDs)
13 R,
0 W
10 R,
5 W

Combined Coryat: $32,200

[game clues] [game scores] [suggest correction]

Game tape date: 2016-03-07
The J! Archive is created by fans, for fans. Scraping, republication, monetization, and malicious use prohibited; this site may use cookies and collect identifying information. See terms. The Jeopardy! game show and all elements thereof, including but not limited to copyright and trademark thereto, are the property of Jeopardy Productions, Inc. and are protected under law. This website is not affiliated with, sponsored by, or operated by Jeopardy Productions, Inc. Join the discussion at JBoard.tv.